মুসলিম শরীফ: (Record no. 28965)
[ view plain ]
| 000 -LEADER | |
|---|---|
| fixed length control field | 00937nam a22001937a 4500 |
| 003 - CONTROL NUMBER IDENTIFIER | |
| control field | BDDh-ASL |
| 005 - DATE AND TIME OF LATEST TRANSACTION | |
| control field | 20231015031004.0 |
| 008 - FIXED-LENGTH DATA ELEMENTS--GENERAL INFORMATION | |
| fixed length control field | 220620s1989 b ||||| |||| 00| 0 b d |
| 040 ## - CATALOGING SOURCE | |
| Transcribing agency | BDDh-ASL |
| 082 ## - DEWEY DECIMAL CLASSIFICATION NUMBER | |
| Classification number | 297 |
| Item number | HAM |
| 100 1# - MAIN ENTRY--PERSONAL NAME | |
| 9 (RLIN) | 6342 |
| Personal name | হাজ্জাজ, ইমাম আবুল হুসায়ন মুসলিম ইবনুল |
| 245 1# - TITLE STATEMENT | |
| Title | মুসলিম শরীফ: |
| Remainder of title | প্রথম খণ্ড / |
| Statement of responsibility, etc. | মাওলানা উবায়দুল হক ও অন্যান্য (সম্পা.)। |
| 246 ## - VARYING FORM OF TITLE | |
| Title proper/short title | Muslim Sharif. Volume-01. |
| 260 ## - PUBLICATION, DISTRIBUTION, ETC. | |
| Place of publication, distribution, etc. | ঢাকা: |
| Name of publisher, distributor, etc. | ইসলামিক ফাউন্ডেশন বাংলাদেশ, |
| Date of publication, distribution, etc. | ১৯৮৯। |
| 300 ## - PHYSICAL DESCRIPTION | |
| Extent | ৪১৫ পৃষ্ঠা: |
| Dimensions | ২৫ সে.মি. |
| 650 #0 - SUBJECT ADDED ENTRY--TOPICAL TERM | |
| 9 (RLIN) | 6085 |
| Topical term or geographic name entry element | ইসলাম ধর্ম (Islamic Religion) |
| 700 1# - ADDED ENTRY--PERSONAL NAME | |
| 9 (RLIN) | 6343 |
| Personal name | হক, উবায়দুল |
| Titles and other words associated with a name | মাওলানা |
| 942 ## - ADDED ENTRY ELEMENTS (KOHA) | |
| Source of classification or shelving scheme | Dewey Decimal Classification |
| Koha item type | Books |
| Withdrawn status | Lost status | Source of classification or shelving scheme | Damaged status | Not for loan | Collection code | Home library | Current library | Shelving location | Date acquired | Source of acquisition | Serial Enumeration / chronology | Total Checkouts | Full call number | Barcode | Date last seen | Copy number | Price effective from | Koha item type |
|---|---|---|---|---|---|---|---|---|---|---|---|---|---|---|---|---|---|---|
| Dewey Decimal Classification | Non-fiction | Asiatic Society Library | Asiatic Society Library | General Stacks | 06/20/2022 | Donated by A.K.M. Azizul Haque and Prof. Husniara Huq | V-1 | 297 HAM | 117085 | 06/20/2022 | C-1 | 06/20/2022 | Books |